000 00782nam a2200229 a 4500
005 20240925064533.0
008 010716s1995 es r 000 0 spa d
020 _a8478692185
035 _aUPN01000109708
049 _aI
050 4 _aLB1131
_bP7.6 no.6
100 1 _aDíez Bugallo, María Dolores
_931807
245 1 0 _aPensamiento creativo :
_bdesarrollo de la disposición creativa /
_cDolores Díez, Carlos Yuste Hernanz. Manuel Trallero Sanz.
260 _aMadrid :
_bCEPE,
_c1995
300 _a128 p. :
_bil.
440 0 _aProgresint ;
_v6
500 _a"Educación infantil. Segundo ciclo"
650 4 _aPensamiento creativo (Educación)
_95414
700 1 _aYuste Hernanz, Carlos
_ecoaut.
_929510
700 1 _aTrallero Sanz, Manuel,
_ecoaut.
_931808
905 _aInfantil
999 _c83618
_d83618